[Event "Moscow Open 2018 AB"]
[Site "?"]
[Date "2018.02.02"]
[Round "7.16"]
[White "Drozdova, Dina"]
[Black "Soumya, Swaminathan"]
[Result "0-1"]
[BlackElo "2349"]
[WhiteElo "2209"]
[LiveChessVersion "1.4.8"]

1. d4 {[%clk 1:30:55]} Nf6 {[%clk 1:26:12]} 2. c4 {[%clk 1:30:56]} g6
{[%clk 1:26:17]} 3. Nc3 {[%clk 1:30:57]} d5 {[%clk 1:25:27]} 4. cxd5
{[%clk 1:31:09]} Nxd5 {[%clk 1:25:55]} 5. e4 {[%clk 1:31:29]} Nxc3
{[%clk 1:26:22]} 6. bxc3 {[%clk 1:31:52]} Bg7 {[%clk 1:26:48]} 7. Be3
{[%clk 1:32:04]} c5 {[%clk 1:27:04]} 8. Qd2 {[%clk 1:32:17]} Qa5 {[%clk 1:25:32]}
9. Rc1 {[%clk 1:30:53]} O-O {[%clk 1:25:04]} 10. d5 {[%clk 1:28:04]} Rd8
{[%clk 1:16:03]} 11. c4 {[%clk 1:26:22]} Qa3 {[%clk 1:14:00]} 12. Nf3
{[%clk 1:05:07]} Nc6 {[%clk 1:10:07]} 13. Be2 {[%clk 1:03:11]} b6
{[%clk 0:58:07]} 14. O-O {[%clk 0:27:18]} Nb4 {[%clk 0:55:01]} 15. Bg5
{[%clk 0:17:29]} f6 {[%clk 0:49:58]} 16. Bh4 {[%clk 0:17:11]} Qxa2
{[%clk 0:49:15]} 17. Qe3 {[%clk 0:15:40]} Qa4 {[%clk 0:48:34]} 18. h3
{[%clk 0:13:35]} Qe8 {[%clk 0:46:55]} 19. Nd2 {[%clk 0:13:23]} a5
{[%clk 0:37:27]} 20. Nb1 {[%clk 0:12:41]} a4 {[%clk 0:35:28]} 21. Na3
{[%clk 0:12:42]} Qf7 {[%clk 0:32:14]} 22. Bg3 {[%clk 0:06:55]} Ra6
{[%clk 0:30:54]} 23. Rcd1 {[%clk 0:06:42]} Qf8 {[%clk 0:29:29]} 24. f4
{[%clk 0:06:04]} Kh8 {[%clk 0:27:14]} 25. f5 {[%clk 0:03:35]} Bh6
{[%clk 0:22:54]} 26. Qf3 {[%clk 0:02:43]} gxf5 {[%clk 0:22:25]} 27. exf5
{[%clk 0:03:07]} Bd7 {[%clk 0:21:38]} 28. Be1 {[%clk 0:02:19]} Raa8
{[%clk 0:20:32]} 29. Rb1 {[%clk 0:01:57]} Rab8 {[%clk 0:18:31]} 30. Bg3
{[%clk 0:01:27]} Rb7 {[%clk 0:10:27]} 31. Rb2 {[%clk 0:01:47]} Qg7
{[%clk 0:10:21]} 32. Bh4 {[%clk 0:01:57]} Rg8 {[%clk 0:10:11]} 33. g4
{[%clk 0:02:13]} Rd8 {[%clk 0:08:22]} 34. Rd1 {[%clk 0:02:05]} Be8
{[%clk 0:08:21]} 35. Bg3 {[%clk 0:01:29]} Qg5 {[%clk 0:07:59]} 36. Kf2
{[%clk 0:01:29]} Qg8 {[%clk 0:04:51]} 37. Bf4 {[%clk 0:01:03]} Bxf4
{[%clk 0:04:38]} 38. Qxf4 {[%clk 0:01:28]} b5 {[%clk 0:03:49]} 39. Rbd2
{[%clk 0:00:46]} bxc4 {[%clk 0:03:02]} 40. Qxc4 {[%clk 0:31:10]} Bf7
{[%clk 0:32:45]} 41. Qxc5 {[%clk 0:29:38]} Rxd5 {[%clk 0:26:53]} 42. Rxd5
{[%clk 0:25:13]} Nxd5 {[%clk 0:24:59]} 43. Bf3 {[%clk 0:14:47]} Rb2+
{[%clk 0:13:31]} 44. Kf1 {[%clk 0:09:30]} Qg5 {[%clk 0:11:31]} 45. Nc4
{[%clk 0:08:20]} Rc2 {[%clk 0:09:34]} 46. Rxd5 {[%clk 0:07:52]} Bxd5
{[%clk 0:07:59]} 47. Qxd5 {[%clk 0:08:00]} Qc1+ {[%clk 0:08:23]} 48. Bd1
{[%clk 0:08:26]} Qf4+ {[%clk 0:08:47]} 0-1

[Event "Moscow Open 2018 AB"]
[Site "?"]
[Date "2018.02.03"]
[Round "8.1"]
[White "Nabaty, Tamir"]
[Black "Lomasov, Semen"]
[Result "0-1"]
[BlackElo "2530"]
[WhiteElo "2658"]
[LiveChessVersion "1.4.8"]

1. d4 {[%clk 1:30:11]} e6 {[%clk 1:30:54]} 2. Bf4 {[%clk 1:30:07]} c5
{[%clk 1:29:10]} 3. e3 {[%clk 1:30:06]} d5 {[%clk 1:27:26]} 4. Nf3
{[%clk 1:30:19]} Nf6 {[%clk 1:27:21]} 5. Nbd2 {[%clk 1:30:28]} Nc6
{[%clk 1:27:26]} 6. c3 {[%clk 1:30:44]} cxd4 {[%clk 1:27:03]} 7. exd4
{[%clk 1:30:17]} Nh5 {[%clk 1:27:23]} 8. Bg5 {[%clk 1:26:56]} f6 {[%clk 1:27:14]}
9. Be3 {[%clk 1:25:36]} Bd6 {[%clk 1:27:25]} 10. g3 {[%clk 1:24:45]} O-O
{[%clk 1:27:09]} 11. Bb5 {[%clk 1:23:07]} g6 {[%clk 1:19:30]} 12. O-O
{[%clk 1:17:08]} Ng7 {[%clk 1:18:18]} 13. Re1 {[%clk 1:13:49]} Bd7
{[%clk 1:17:33]} 14. c4 {[%clk 1:12:59]} a6 {[%clk 1:15:37]} 15. Ba4
{[%clk 1:12:42]} Re8 {[%clk 1:07:08]} 16. Bb3 {[%clk 1:01:00]} Ne7
{[%clk 0:55:33]} 17. cxd5 {[%clk 0:52:15]} Nxd5 {[%clk 0:55:44]} 18. Ne4
{[%clk 0:52:43]} Bc6 {[%clk 0:55:04]} 19. Rc1 {[%clk 0:51:24]} Rc8
{[%clk 0:54:25]} 20. Bd2 {[%clk 0:50:03]} b6 {[%clk 0:37:51]} 21. h4
{[%clk 0:32:45]} Be7 {[%clk 0:36:34]} 22. Nh2 {[%clk 0:32:54]} h5
{[%clk 0:35:25]} 23. g4 {[%clk 0:31:23]} f5 {[%clk 0:31:32]} 24. Ng5
{[%clk 0:29:37]} Bxg5 {[%clk 0:26:01]} 25. Bxg5 {[%clk 0:30:04]} Qd6
{[%clk 0:26:23]} 26. Nf3 {[%clk 0:25:42]} hxg4 {[%clk 0:25:02]} 27. Ne5
{[%clk 0:26:10]} Kh7 {[%clk 0:24:04]} 28. Nf7 {[%clk 0:22:27]} Qd7
{[%clk 0:21:41]} 29. Ne5 {[%clk 0:22:55]} Qd6 {[%clk 0:22:06]} 30. Nf7
{[%clk 0:23:17]} Qb8 {[%clk 0:21:42]} 31. Ne5 {[%clk 0:23:06]} Qa8
{[%clk 0:16:43]} 32. f3 {[%clk 0:22:27]} gxf3 {[%clk 0:13:41]} 33. h5
{[%clk 0:17:03]} Nxh5 {[%clk 0:12:38]} 34. Kf2 {[%clk 0:17:31]} Ndf6
{[%clk 0:11:36]} 35. Bxf6 {[%clk 0:14:19]} Nxf6 {[%clk 0:12:04]} 36. Rh1+
{[%clk 0:14:04]} Kg7 {[%clk 0:11:47]} 37. Qg1 {[%clk 0:12:31]} Ne4+
{[%clk 0:10:35]} 38. Ke3 {[%clk 0:08:09]} g5 {[%clk 0:10:56]} 39. Rh5
{[%clk 0:03:12]} f4+ {[%clk 0:06:10]} 40. Kd3 {[%clk 0:33:34]} Bb5+
{[%clk 0:32:05]} 41. Bc4 {[%clk 0:33:55]} Rxc4 {[%clk 0:18:51]} 42. Rxg5+
{[%clk 0:31:23]} Kf6 {[%clk 0:18:06]} 43. Rg6+ {[%clk 0:28:57]} Ke7
{[%clk 0:18:34]} 44. Rg7+ {[%clk 0:28:19]} Kd8 {[%clk 0:17:15]} 45. Nxc4
{[%clk 0:22:54]} f2 {[%clk 0:15:21]} 46. Qf1 {[%clk 0:11:45]} Qd5
{[%clk 0:14:32]} 47. b3 {[%clk 0:12:14]} Qf5 {[%clk 0:13:01]} 48. Qg2
{[%clk 0:12:19]} Bxc4+ {[%clk 0:11:29]} 49. bxc4 {[%clk 0:11:55]} Nc5+
{[%clk 0:11:43]} 50. Kc3 {[%clk 0:11:20]} Qd3+ {[%clk 0:12:02]} 51. Kb4
{[%clk 0:11:06]} Qd2+ {[%clk 0:12:23]} 52. Rc3 {[%clk 0:11:31]} Qb2+
{[%clk 0:12:29]} 53. Rb3 {[%clk 0:11:52]} Nd3+ {[%clk 0:12:54]} 54. Ka4
{[%clk 0:12:13]} Qxa2+ {[%clk 0:13:20]} 0-1

[Event "Moscow Open 2018 AB"]
[Site "?"]
[Date "2018.02.03"]
[Round "8.2"]
[White "Zakhartsov, Vladimir"]
[Black "Afanasiev, Nikita"]
[Result "1-0"]
[BlackElo "2364"]
[WhiteElo "2472"]
[LiveChessVersion "1.4.8"]

1. d4 {[%clk 1:30:58]} Nf6 {[%clk 1:30:52]} 2. c4 {[%clk 1:31:19]} e6
{[%clk 1:31:17]} 3. Nf3 {[%clk 1:31:45]} Bb4+ {[%clk 1:31:19]} 4. Nbd2
{[%clk 1:29:39]} O-O {[%clk 1:31:39]} 5. Qc2 {[%clk 1:29:26]} d5 {[%clk 1:18:46]}
6. a3 {[%clk 1:25:44]} Be7 {[%clk 1:17:32]} 7. c5 {[%clk 1:14:44]} a5
{[%clk 1:11:46]} 8. e4 {[%clk 1:14:34]} dxe4 {[%clk 0:59:14]} 9. Nxe4
{[%clk 1:12:46]} Nc6 {[%clk 0:59:14]} 10. Be3 {[%clk 1:09:55]} Ng4
{[%clk 0:43:57]} 11. Rd1 {[%clk 1:09:15]} Nxe3 {[%clk 0:39:49]} 12. fxe3
{[%clk 1:09:40]} f5 {[%clk 0:40:14]} 13. Nf2 {[%clk 1:05:17]} Kh8
{[%clk 0:38:19]} 14. Bc4 {[%clk 1:03:41]} Bf6 {[%clk 0:37:49]} 15. O-O
{[%clk 1:03:31]} Bd7 {[%clk 0:37:01]} 16. e4 {[%clk 1:01:54]} fxe4
{[%clk 0:35:25]} 17. Qxe4 {[%clk 1:01:05]} Ne7 {[%clk 0:29:23]} 18. Bxe6
{[%clk 0:58:16]} Bxe6 {[%clk 0:28:14]} 19. Qxe6 {[%clk 0:58:44]} Nd5
{[%clk 0:28:30]} 20. Ng4 {[%clk 0:55:56]} Ra6 {[%clk 0:20:51]} 21. Qe4
{[%clk 0:55:44]} Be7 {[%clk 0:18:20]} 22. Nfe5 {[%clk 0:54:26]} Kg8
{[%clk 0:18:20]} 23. Rxf8+ {[%clk 0:52:09]} Bxf8 {[%clk 0:18:48]} 24. c6
{[%clk 0:49:23]} bxc6 {[%clk 0:18:45]} 25. Nh6+ {[%clk 0:48:35]} gxh6
{[%clk 0:18:54]} 26. Qg4+ {[%clk 0:49:04]} 1-0

[Event "Moscow Open 2018 AB"]
[Site "?"]
[Date "2018.02.03"]
[Round "8.3"]
[White "Kokarev, Dmitry"]
[Black "Vavulin, Maksim"]
[Result "1/2-1/2"]
[BlackElo "2575"]
[WhiteElo "2616"]
[LiveChessVersion "1.4.8"]

1. e4 {[%clk 1:31:19]} e5 2. Nf3 Nc6 {[%clk 1:30:08]} 3. Bb5 {[%clk 1:31:44]} a6
{[%clk 1:30:33]} 4. Ba4 {[%clk 1:32:25]} d6 {[%clk 1:28:26]} 5. O-O
{[%clk 1:32:37]} Bd7 6. d4 b5 {[%clk 1:27:16]} 7. Bb3 {[%clk 1:32:58]} Nxd4
{[%clk 1:27:39]} 8. Nxd4 {[%clk 1:33:21]} exd4 {[%clk 1:28:05]} 9. c3
{[%clk 1:33:43]} dxc3 10. Qh5 {[%clk 1:33:11]} g6 {[%clk 1:28:09]} 11. Qd5 Be6
{[%clk 1:28:28]} 12. Qc6+ {[%clk 1:33:56]} Bd7 {[%clk 1:28:28]} 13. Qxc3
{[%clk 1:33:56]} Nf6 {[%clk 1:29:06]} 14. e5 dxe5 15. Qxe5+ {[%clk 1:34:48]} Qe7
{[%clk 1:29:30]} 16. Qxc7 {[%clk 1:33:58]} Bg7 {[%clk 1:29:42]} 17. Nc3
{[%clk 1:28:15]} b4 {[%clk 1:17:11]} 18. Bg5 {[%clk 1:28:06]} Rc8 19. Qb7 Be6
{[%clk 1:16:36]} 20. Qxa6 {[%clk 1:19:19]} O-O {[%clk 1:13:33]} 21. Ne4
{[%clk 1:18:15]} Ra8 {[%clk 1:09:07]} 22. Qe2 {[%clk 1:06:15]} Bxb3
{[%clk 0:58:59]} 23. Nxf6+ {[%clk 1:06:23]} Bxf6 {[%clk 0:58:59]} 24. Qxe7
{[%clk 1:06:45]} Bxe7 {[%clk 0:59:26]} 25. Bxe7 {[%clk 1:06:45]} Rfe8
{[%clk 0:59:51]} 26. axb3 {[%clk 1:05:46]} Rxa1 {[%clk 1:00:38]} 27. Rxa1
{[%clk 1:05:55]} Rxe7 {[%clk 0:52:26]} 28. Kf1 {[%clk 1:05:57]} Rc7
{[%clk 0:52:30]} 29. Ra4 Rc2 30. Rxb4 {[%clk 1:06:21]} Rxb2 {[%clk 0:52:54]} 31.
h4 {[%clk 1:06:19]} h5 {[%clk 0:49:24]} 32. g3 {[%clk 1:06:09]} Kg7
{[%clk 0:49:44]} 33. Kg2 {[%clk 1:03:53]} f6 {[%clk 0:46:36]} 34. Rb7+
{[%clk 1:04:09]} Kh6 {[%clk 0:46:56]} 35. Rb6 {[%clk 1:04:34]} Kg7
{[%clk 0:46:40]} 36. Kf3 {[%clk 1:01:30]} g5 {[%clk 0:46:07]} 37. b4
{[%clk 1:01:33]} Kg6 {[%clk 0:36:33]} 38. hxg5 {[%clk 1:00:08]} Kxg5
{[%clk 0:36:57]} 39. Rb5+ {[%clk 1:00:27]} f5 {[%clk 0:26:06]} 40. Rb8
{[%clk 1:30:30]} Rb3+ {[%clk 0:53:35]} 41. Ke2 {[%clk 1:30:53]} f4
{[%clk 0:46:46]} 42. gxf4+ {[%clk 1:28:44]} Kxf4 {[%clk 0:45:23]} 43. b5
{[%clk 1:29:07]} h4 {[%clk 0:42:15]} 44. Rf8+ {[%clk 1:29:24]} Kg5
{[%clk 0:38:26]} 45. Rg8+ {[%clk 1:29:40]} Kf4 {[%clk 0:38:37]} 46. Rh8
{[%clk 1:30:05]} Rxb5 {[%clk 0:38:12]} 47. Rxh4+ {[%clk 1:30:28]} Kg5
{[%clk 0:38:37]} 48. Rd4 {[%clk 1:30:53]} 1/2-1/2

[Event "Moscow Open 2018 AB"]
[Site "?"]
[Date "2018.02.03"]
[Round "8.4"]
[White "Samusenko, Maksim"]
[Black "Savchenko, Boris"]
[Result "1-0"]
[BlackElo "2566"]
[WhiteElo "2422"]
[LiveChessVersion "1.4.8"]

1. d4 {[%clk 1:30:52]} Nf6 {[%clk 1:07:06]} 2. Nc3 {[%clk 1:31:00]} d5
{[%clk 1:07:30]} 3. Bf4 {[%clk 1:31:07]} e6 {[%clk 1:07:54]} 4. e3
{[%clk 1:30:57]} Bb4 {[%clk 1:08:18]} 5. Bd3 {[%clk 1:28:12]} c5 {[%clk 1:08:08]}
6. dxc5 {[%clk 1:27:34]} Nbd7 {[%clk 1:08:31]} 7. Nge2 {[%clk 1:25:23]} Nxc5
{[%clk 1:08:19]} 8. a3 {[%clk 1:25:25]} Nxd3+ {[%clk 1:08:14]} 9. Qxd3
{[%clk 1:25:32]} Ba5 {[%clk 1:03:58]} 10. O-O-O {[%clk 1:24:15]} Bd7
{[%clk 1:01:23]} 11. e4 {[%clk 1:20:53]} Bc6 {[%clk 1:01:30]} 12. Bg5
{[%clk 1:02:40]} dxe4 {[%clk 0:53:09]} 13. Qc4 {[%clk 1:02:06]} Qe7
{[%clk 0:50:38]} 14. Nd4 {[%clk 0:38:50]} Bxc3 {[%clk 0:46:39]} 15. Qxc3
{[%clk 0:38:55]} Nd5 {[%clk 0:43:04]} 16. Qg3 {[%clk 0:38:54]} f6
{[%clk 0:36:26]} 17. Bd2 {[%clk 0:38:56]} O-O-O {[%clk 0:26:58]} 18. Rhe1
{[%clk 0:34:10]} f5 {[%clk 0:25:46]} 19. Bg5 {[%clk 0:33:07]} Nf6
{[%clk 0:25:45]} 20. Qc3 {[%clk 0:31:18]} Rd6 {[%clk 0:18:51]} 21. Bf4
{[%clk 0:24:55]} Rxd4 {[%clk 0:18:29]} 22. Qxd4 {[%clk 0:24:26]} b6
{[%clk 0:18:54]} 23. Qd6 {[%clk 0:21:24]} Qxd6 {[%clk 0:18:59]} 24. Rxd6
{[%clk 0:21:48]} Bd7 {[%clk 0:19:18]} 25. Red1 {[%clk 0:21:41]} Re8
{[%clk 0:19:30]} 26. Be5 {[%clk 0:19:55]} Re7 {[%clk 0:16:16]} 27. h3
{[%clk 0:19:29]} h5 {[%clk 0:15:38]} 28. b3 {[%clk 0:16:11]} b5 {[%clk 0:15:13]}
29. c4 {[%clk 0:13:39]} bxc4 {[%clk 0:15:24]} 30. bxc4 {[%clk 0:14:03]} Ne8
{[%clk 0:15:01]} 31. Ra6 {[%clk 0:11:53]} Kb7 {[%clk 0:15:22]} 32. Ra5
{[%clk 0:12:06]} Bc8 {[%clk 0:10:08]} 33. Rc5 {[%clk 0:09:43]} Nc7
{[%clk 0:10:05]} 34. Kc2 {[%clk 0:09:19]} Na8 {[%clk 0:10:26]} 35. Rd8
{[%clk 0:08:38]} Nb6 {[%clk 0:10:51]} 36. a4 {[%clk 0:08:31]} Bd7
{[%clk 0:10:06]} 37. a5 {[%clk 0:08:36]} Ba4+ {[%clk 0:10:26]} 38. Kc3
{[%clk 0:08:47]} 1-0

[Event "Moscow Open 2018 AB"]
[Site "?"]
[Date "2018.02.03"]
[Round "8.5"]
[White "Harutjunyan, Gevorg"]
[Black "Matinian, Nikita"]
[Result "1/2-1/2"]
[BlackElo "2491"]
[WhiteElo "2407"]
[LiveChessVersion "1.4.8"]

1. Nf3 {[%clk 1:30:57]} g6 {[%clk 1:28:47]} 2. g3 {[%clk 1:31:08]} Bg7
{[%clk 1:28:59]} 3. d4 {[%clk 1:31:30]} d5 {[%clk 1:29:11]} 4. Bg2
{[%clk 1:31:40]} Nf6 {[%clk 1:29:36]} 5. O-O {[%clk 1:31:57]} O-O
{[%clk 1:30:02]} 6. c4 {[%clk 1:32:14]} c6 {[%clk 1:30:28]} 7. cxd5
{[%clk 1:32:22]} cxd5 {[%clk 1:29:37]} 8. Nc3 {[%clk 1:32:41]} Nc6
{[%clk 1:26:51]} 9. Ne5 {[%clk 1:32:50]} Nd7 {[%clk 1:25:50]} 10. f4
{[%clk 1:24:40]} e6 {[%clk 1:24:11]} 11. Be3 {[%clk 1:24:58]} Ne7
{[%clk 1:12:48]} 12. Bf2 {[%clk 1:24:02]} b6 {[%clk 1:03:02]} 13. a4
{[%clk 1:17:36]} Bb7 {[%clk 0:57:31]} 14. Qb3 {[%clk 1:16:47]} Rb8
{[%clk 0:54:17]} 15. Rac1 {[%clk 1:08:22]} Nf5 {[%clk 0:48:49]} 16. e4
{[%clk 0:56:39]} dxe4 {[%clk 0:47:46]} 17. Bxe4 {[%clk 0:57:05]} Nxd4
{[%clk 0:35:24]} 18. Bxd4 {[%clk 0:53:48]} Nxe5 {[%clk 0:35:49]} 19. Rcd1
{[%clk 0:39:32]} Nf3+ {[%clk 0:34:48]} 20. Bxf3 {[%clk 0:34:57]} Bxd4+
{[%clk 0:35:07]} 21. Kg2 {[%clk 0:35:24]} Qf6 {[%clk 0:35:18]} 22. Nb5
{[%clk 0:35:16]} Bc5 {[%clk 0:24:56]} 23. Nxa7 {[%clk 0:34:53]} Bxf3+
{[%clk 0:23:30]} 24. Rxf3 {[%clk 0:32:05]} Rbd8 {[%clk 0:23:53]} 25. Rff1
{[%clk 0:24:47]} Rxd1 {[%clk 0:23:26]} 26. Rxd1 {[%clk 0:25:12]} e5
{[%clk 0:23:14]} 27. Qc3 {[%clk 0:23:53]} Ra8 {[%clk 0:22:42]} 28. b4
{[%clk 0:21:23]} Rxa7 {[%clk 0:20:51]} 29. bxc5 {[%clk 0:21:46]} Qc6+
{[%clk 0:21:06]} 30. Kh3 {[%clk 0:15:19]} Qe6+ {[%clk 0:16:41]} 31. Kg2
{[%clk 0:15:25]} Rxa4 {[%clk 0:12:54]} 32. Rd8+ {[%clk 0:12:01]} Kg7
{[%clk 0:13:22]} 33. Qxe5+ {[%clk 0:09:43]} Qxe5 {[%clk 0:13:48]} 34. fxe5
{[%clk 0:10:11]} bxc5 {[%clk 0:14:14]} 35. Rc8 {[%clk 0:09:37]} Ra2+
{[%clk 0:14:15]} 36. Kh3 {[%clk 0:09:30]} Rc2 {[%clk 0:11:42]} 37. Rc7
{[%clk 0:08:43]} Kf8 {[%clk 0:12:00]} 38. e6 {[%clk 0:04:52]} fxe6
{[%clk 0:12:27]} 39. Rxh7 {[%clk 0:05:17]} c4 {[%clk 0:12:50]} 40. Kg4
{[%clk 0:35:24]} c3 {[%clk 0:41:35]} 41. Kg5 {[%clk 0:28:46]} Ke8
{[%clk 0:29:40]} 42. Rc7 {[%clk 0:27:16]} Kd8 {[%clk 0:25:30]} 43. Rc4
{[%clk 0:27:25]} Kd7 {[%clk 0:25:30]} 44. h4 {[%clk 0:25:41]} Kd6
{[%clk 0:25:49]} 45. Kxg6 {[%clk 0:26:01]} Kd5 {[%clk 0:26:17]} 46. Rc8
{[%clk 0:25:55]} Kd4 {[%clk 0:25:13]} 47. g4 {[%clk 0:23:51]} e5 {[%clk 0:24:55]}
48. h5 {[%clk 0:20:39]} e4 {[%clk 0:24:58]} 49. h6 {[%clk 0:20:13]} e3
{[%clk 0:22:53]} 50. h7 {[%clk 0:16:15]} Rh2 {[%clk 0:23:17]} 51. h8=Q+
{[%clk 0:16:04]} Rxh8 {[%clk 0:23:45]} 52. Rxh8 {[%clk 0:16:28]} e2
{[%clk 0:24:12]} 53. Rh1 {[%clk 0:16:45]} Ke3 {[%clk 0:24:30]} 54. g5
{[%clk 0:17:02]} c2 {[%clk 0:24:50]} 55. Kf7 {[%clk 0:17:16]} Kd2
{[%clk 0:25:15]} 56. g6 {[%clk 0:17:41]} c1=Q {[%clk 0:25:37]} 57. Rxc1
{[%clk 0:18:07]} Kxc1 {[%clk 0:26:05]} 58. g7 {[%clk 0:18:32]} e1=Q
{[%clk 0:26:30]} 1/2-1/2

[Event "Moscow Open 2018 AB"]
[Site "?"]
[Date "2018.02.03"]
[Round "8.6"]
[White "Boruchovsky, Avital"]
[Black "Shukh, Nikolai"]
[Result "1-0"]
[BlackElo "2435"]
[WhiteElo "2542"]
[LiveChessVersion "1.4.8"]

1. Nf3 {[%clk 1:30:53]} Nf6 {[%clk 1:29:48]} 2. c4 {[%clk 1:31:14]} g6
{[%clk 1:30:11]} 3. Nc3 {[%clk 1:31:34]} Bg7 {[%clk 1:30:35]} 4. e4
{[%clk 1:31:14]} d6 {[%clk 1:31:01]} 5. d4 {[%clk 1:31:33]} O-O {[%clk 1:31:27]}
6. h3 {[%clk 1:31:47]} c6 {[%clk 1:31:54]} 7. Be3 {[%clk 1:30:17]} a6
{[%clk 1:32:14]} 8. Bd3 {[%clk 1:28:29]} b5 {[%clk 1:31:04]} 9. O-O
{[%clk 1:28:17]} bxc4 {[%clk 1:28:44]} 10. Bxc4 {[%clk 1:28:04]} Nxe4
{[%clk 1:28:54]} 11. Nxe4 {[%clk 1:26:56]} d5 {[%clk 1:29:17]} 12. Bb3
{[%clk 1:21:54]} dxe4 {[%clk 1:29:36]} 13. Ng5 {[%clk 1:22:20]} Nd7
{[%clk 1:24:58]} 14. d5 {[%clk 1:04:16]} Bb7 {[%clk 1:13:25]} 15. d6
{[%clk 1:04:27]} exd6 {[%clk 1:13:20]} 16. Nxf7 {[%clk 0:57:28]} Rxf7
{[%clk 1:13:44]} 17. Bxf7+ {[%clk 0:57:53]} Kxf7 {[%clk 1:14:09]} 18. Qb3+
{[%clk 0:58:15]} d5 {[%clk 1:14:36]} 19. Qxb7 {[%clk 0:58:37]} Qc8
{[%clk 1:15:04]} 20. Qxc8 {[%clk 0:58:54]} Rxc8 {[%clk 1:15:30]} 21. f3
{[%clk 0:59:17]} d4 {[%clk 1:10:23]} 22. Rad1 {[%clk 0:57:06]} c5
{[%clk 1:10:04]} 23. fxe4+ {[%clk 0:57:30]} Ke6 {[%clk 1:10:22]} 24. Bf2
{[%clk 0:57:07]} Rb8 {[%clk 1:09:02]} 25. b3 {[%clk 0:55:25]} a5 {[%clk 1:09:28]}
26. Bg3 {[%clk 0:48:58]} Rb7 {[%clk 1:07:45]} 27. Rc1 {[%clk 0:44:06]} a4
{[%clk 1:04:28]} 28. Rf3 {[%clk 0:44:25]} axb3 {[%clk 1:00:38]} 29. axb3
{[%clk 0:44:16]} Bh6 {[%clk 1:00:25]} 30. Ra1 {[%clk 0:43:24]} Be3+
{[%clk 1:00:33]} 31. Kh2 {[%clk 0:30:48]} Rxb3 {[%clk 0:57:33]} 32. Bc7
{[%clk 0:30:54]} c4 {[%clk 0:56:01]} 33. Ra6+ {[%clk 0:17:52]} Nb6
{[%clk 0:53:57]} 34. Rxb6+ {[%clk 0:16:42]} Rxb6 {[%clk 0:53:31]} 35. Bxb6
{[%clk 0:17:10]} Ke5 {[%clk 0:53:21]} 36. Rxe3 {[%clk 0:16:23]} dxe3
{[%clk 0:53:46]} 37. Bxe3 {[%clk 0:16:49]} Kxe4 {[%clk 0:52:59]} 38. Bh6
{[%clk 0:14:52]} Kd3 {[%clk 0:46:17]} 39. Kg3 {[%clk 0:15:14]} Ke2
{[%clk 0:46:42]} 40. Bg7 {[%clk 0:45:37]} Kf1 {[%clk 1:15:51]} 41. Kf3
{[%clk 0:45:33]} Kg1 {[%clk 1:15:31]} 42. h4 {[%clk 0:45:17]} h5 {[%clk 1:14:34]}
43. Bd4+ {[%clk 0:45:28]} Kh2 {[%clk 1:14:53]} 44. Kf2 {[%clk 0:45:22]} Kh1
{[%clk 1:15:18]} 45. Kg3 {[%clk 0:45:46]} 1-0

[Event "Moscow Open 2018 AB"]
[Site "?"]
[Date "2018.02.03"]
[Round "8.7"]
[White "Dvalishvili, Pavel S."]
[Black "Timofeev, Artyom"]
[Result "0-1"]
[BlackElo "2563"]
[WhiteElo "2413"]
[LiveChessVersion "1.4.8"]

1. e4 {[%clk 1:29:12]} e6 {[%clk 1:30:49]} 2. d4 {[%clk 1:27:55]} d5
{[%clk 1:31:12]} 3. exd5 {[%clk 1:28:22]} exd5 {[%clk 1:31:34]} 4. Nf3
{[%clk 1:28:51]} Nf6 {[%clk 1:31:34]} 5. Bg5 {[%clk 1:29:01]} Be7
{[%clk 1:29:06]} 6. Bd3 {[%clk 1:28:55]} O-O {[%clk 1:25:22]} 7. O-O
{[%clk 1:28:41]} Bg4 {[%clk 1:24:03]} 8. c3 {[%clk 1:26:37]} Nbd7
{[%clk 1:23:31]} 9. Nbd2 {[%clk 1:26:50]} Re8 {[%clk 1:19:16]} 10. Re1
{[%clk 1:26:56]} c6 {[%clk 1:19:23]} 11. Qc2 {[%clk 1:25:28]} h6 {[%clk 1:15:36]}
12. Bh4 {[%clk 1:24:19]} Nh5 {[%clk 1:11:58]} 13. Bxe7 {[%clk 1:24:31]} Rxe7
{[%clk 1:12:23]} 14. Bh7+ {[%clk 1:23:37]} Kh8 {[%clk 1:09:48]} 15. Bf5
{[%clk 1:23:59]} Bxf5 {[%clk 1:10:04]} 16. Qxf5 {[%clk 1:24:20]} g6
{[%clk 1:10:24]} 17. Qc2 {[%clk 1:24:10]} Kg7 {[%clk 1:09:38]} 18. Rxe7
{[%clk 1:24:24]} Qxe7 {[%clk 1:10:02]} 19. Re1 {[%clk 1:24:53]} Qd6
{[%clk 1:09:45]} 20. g3 {[%clk 1:25:09]} Nhf6 {[%clk 1:09:46]} 21. Kg2
{[%clk 1:21:18]} Re8 {[%clk 1:09:27]} 22. Rxe8 {[%clk 1:21:42]} Nxe8
{[%clk 1:09:53]} 23. Qd3 {[%clk 1:20:58]} Nc7 {[%clk 1:09:57]} 24. Qe2
{[%clk 1:20:54]} Ne6 {[%clk 1:10:06]} 25. b4 {[%clk 1:20:09]} Nc7
{[%clk 1:07:53]} 26. Nb3 {[%clk 1:18:17]} Nb5 {[%clk 1:05:32]} 27. Qd3
{[%clk 1:16:30]} Qe7 {[%clk 1:07:34]} 28. a4 {[%clk 1:16:48]} Nd6
{[%clk 1:07:37]} 29. Nc5 {[%clk 1:14:48]} Nb6 {[%clk 1:06:57]} 30. Ne5
{[%clk 1:09:34]} Nbc4 {[%clk 1:04:53]} 31. Ncd7 {[%clk 1:09:45]} a5
{[%clk 1:03:38]} 32. bxa5 {[%clk 1:08:59]} Nxa5 {[%clk 1:03:59]} 33. Qb1
{[%clk 1:08:43]} Nac4 {[%clk 0:51:35]} 34. Qb4 {[%clk 1:08:32]} Qe6
{[%clk 0:48:45]} 35. Nc5 {[%clk 0:55:39]} Qf5 {[%clk 0:45:19]} 36. Nxb7
{[%clk 0:55:47]} Ne4 {[%clk 0:34:45]} 37. f3 {[%clk 0:55:56]} Ne3+
{[%clk 0:35:00]} 38. Kg1 {[%clk 0:55:57]} Qh3 {[%clk 0:35:21]} 0-1